[Event "HCL-A2492"]
[Site "www.playchess.de"]
[Date "2006.03.10"]
[Round "6"]
[White "Toni76"]
[Black "StevenL"]
[WhiteElo "1809"]
[BlackElo "1601"]
[PlyCount "104"]
[Result "0-1"]

1.d4 {Hi good luck}  Nf6 {Thanks and you too!}  
2.c4 g6 3.Nc3 Bg7 4.e4 d6 5.Nf3 O-O 6.Be2 e5 7.O-O 
Nc6 8.d5 Ne7 9.Nd2 a5 10.a3 Nd7 11.Rb1 f5 12.b4 
Kh8 13.Qc2 Ng8 14.Nb5 Ndf6 15.f3 Bd7 16.c5 axb4 
17.axb4 Nh5 18.Nb3 Bxb5 19.Bxb5 b6 20.Be3 Bh6 
21.Qd2 Bxe3+ 22.Qxe3 f4 23.Qf2 g5 24.Rba1 Rxa1 
25.Rxa1 Ne7 26.Nd2 Rg8 27.Nc4 Nf6 28.cxd6 cxd6 
29.Qxb6 Qxb6+ 30.Nxb6 g4 31.Ra8 Rxa8 32.Nxa8 gxf3 
33.gxf3 Ng6 34.Bc6 Nf8 35.Nb6 Kg7 36.Nc4 N6d7 
37.b5 Kf6 38.Nxd6 Nb6 39.Kf2 Ke7 40.Nb7 Nc8 41.Na5 
Nb6 42.Nb3 Ng6 43.Nc5 Nh8 44.Nd3 Nf7 45.Kg2 Kf6 
46.h4 Nd6 47.Kh3 h5 48.Nc5 Ke7 49.Ne6 Kf6 50.Kg2 
Na4 {(offering draw)}  51.Nc7 Ke7 52.Kf2 
Nb6 0-1

[Event "HCL-C4122"]
[Site "www.playchess.de"]
[Date "2006.03.10"]
[Round "8"]
[White "Metal"]
[Black "epenz"]
[WhiteElo "800"]
[BlackElo "1030"]
[PlyCount "69"]
[Result "1-0"]

1.e4 e5 2.d3 Nf6 3.Bg5 Be7 4.Bxf6 Bxf6 5.a3 d6 
6.h3 Nd7 7.Nf3 O-O 8.Nc3 c6 9.Qd2 a6 10.Be2 h6 
11.O-O b5 12.b4 Bb7 13.Ne1 Be7 14.Nd1 d5 15.Bg4 
Nf6 16.f3 Nxg4 17.fxg4 Bh4 18.Nf3 a5 19.c3 axb4 
20.cxb4 Be7 21.Nxe5 dxe4 22.Qa2 Bf6 23.Qb2 Bxe5 
24.Qxe5 Qxd3 25.Nf2 Qd5 26.Qf4 g5 27.Qf6 e3 28.Ne4 
Qxe4 29.Qxh6 f6 30.Rfd1 e2 31.Rd7 e1Q+ 32.Rxe1 
Qxe1+ 33.Kh2 Rf7 34.Qg6+ Kf8 35.Qxf7+ 1-0

[Event "HCL-A2629"]
[Site "www.playchess.de"]
[Date "2006.03.10"]
[Round "34"]
[White "hal1958"]
[Black "nico21"]
[WhiteElo "1410"]
[BlackElo "1513"]
[PlyCount "100"]
[Result "1/2-1/2"]

1.b4 {have a nice game}  e6 2.Bb2 Nf6 3.b5 d5 4.e3 
c6 5.a4 Bd7 6.c4 Be7 7.cxd5 exd5 8.Nf3 Qb6 9.Bd4 
c5 10.Bb2 a6 11.Ne5 axb5 12.Nxd7 Nbxd7 13.Bxb5 O-O 
14.O-O Rfd8 15.Qc2 Rac8 16.h3 h6 17.Nc3 d4 18.Ne2 
Qd6 19.exd4 cxd4 20.Qd3 Nc5 21.Qxd4 Qxd4 22.Nxd4 
Nfe4 23.d3 Bf6 24.dxe4 Bxd4 25.Bxd4 Rxd4 26.f3 Ra8 
27.a5 Nb3 28.Ra3 Nxa5 29.Rfa1 b6 30.Rb1 Rad8 
31.Bf1 R4d1 32.Rxd1 Rxd1 33.Kf2 Rd2+ 34.Ke1 Rb2 
35.e5 Rb3 36.Rxb3 Nxb3 37.Bc4 Nd4 38.Kd2 Kf8 
39.Kd3 Ne6 40.Bxe6 fxe6 41.Kc4 Kf7 42.Kb5 Kg6 
43.f4 Kf5 44.g3 g5 45.fxg5 hxg5 46.Kxb6 Kxe5 47.h4 
gxh4 48.gxh4 Kf5 49.Kc5 e5 50.h5 e4 {(offering 
draw)}  1/2-1/2

[Event "HCL-E1590"]
[Site "www.playchess.de"]
[Date "2006.03.10"]
[Round "1"]
[White "yannick"]
[Black "chess50"]
[WhiteElo "1632"]
[BlackElo "2020"]
[PlyCount "94"]
[Result "0-1"]

1.b4 {hi enjoy this game}  d5 {bon giorno!!!!}  
2.Bb2 Qd6 3.a3 e5 4.e3 Bf5 5.Bb5+ c6 6.Be2 Qg6 
7.d3 Qxg2 8.Bf3 Qg6 9.Bxe5 Nd7 10.Bc7 Bd6 11.Bxd6 
Qxd6 12.e4 Qg6 13.exf5 Qxf5 14.Nc3 Ne7 15.Bg4 Qe5+ 
16.Nge2 Nf6 17.f3 h5 18.Bh3 Qe3 19.Rf1 Qg5 20.Rg1 
Qh4+ 21.Rg3 g5 22.b5 g4 23.bxc6 bxc6 24.Qb1 gxh3 
25.Qb7 Rd8 26.Qxa7 Nf5 27.Qb7 Nxg3 28.Qxc6+ Kf8 
29.Nxg3 Qf4 30.Qc5+ Kg7 31.Qf2 Qe5+ 32.Nge2 Rhe8 
33.O-O-O d4 34.Rg1+ Kf8 35.Ne4 Nxe4 36.fxe4 Qc5 
37.Kd1 Qxa3 38.Qf6 Qd6 39.Qg7+ Ke7 40.Ng3 Qb4 
41.Nf5+ Ke6 42.Rg3 Reh8 43.Rxh3 Rhg8 44.Qh6+ Rg6 
45.Ng7+ Kd7 46.Qxh5 Rg1+ 47.Ke2 
Qe1+ 0-1

[Event "HCL-M866"]
[Site "www.playchess.de"]
[Date "2006.03.10"]
[Round "3"]
[White "BigL"]
[Black "zmaster"]
[WhiteElo "2235"]
[BlackElo "1959"]
[PlyCount "83"]
[Result "1-0"]

1.e4 {Hello from Wuppertal, Germany. Good game !}  
c5 {Hallo from Toerhout Belgium and a fine match}  
2.Nf3 {Thanks ! But why you have the dutch flag, 
when you come from Belgium ?}  d6 {I just live in 
Belgium for financial reasons and for good chess 
conditions. I am 100% Dutch}  3.d4 cxd4 4.Nxd4 
{Are you an professional chess player ?}  Nf6 {Yes 
i am but teach young talents also to have a normal 
finalcial income}  5.Nc3 a6 6.Bc4 e6 7.Bb3 b5 
8.O-O Be7 9.Qf3 Qb6 10.Be3 Qb7 11.a3 O-O 12.Rfe1 
Nbd7 13.Qg3 Ne5 14.Bh6 Neg4 15.Bxg7 Kxg7 16.h3 Qb6 
17.Rad1 h5 18.hxg4 Nxg4 {(offering draw)}  19.Nce2 
{Sorry, but your kingside is quite weak, isn't it 
?}  Kh7 {not the best i can amzing :>) 
Nevertheless game is still open}  20.Qh3 Nh6 
21.Qxh5 Qc5 22.Qh2 Rh8 23.Rd3 Bd7 24.Rh3 Kg7 
25.Qg3+ Qg5 26.Qxg5+ Bxg5 27.Rg3 Kf6 28.Nf3 Rhg8 
29.Nxg5 Rxg5 30.Rxg5 Kxg5 31.Rd1 Bc6 32.f3 Rd8 
33.c4 bxc4 34.Bxc4 Bb7 35.b4 d5 36.Bb3 Kf6 37.Kf2 
Ke7 38.exd5 Bxd5 39.Bxd5 Rxd5 40.Rxd5 exd5 41.Nd4 
Kd7 42.Ke3 1-0

[Event "HCL-E1595"]
[Site "www.playchess.de"]
[Date "2006.03.10"]
[Round "13"]
[White "Vinci"]
[Black "yannick"]
[WhiteElo "1619"]
[BlackElo "1591"]
[PlyCount "52"]
[Result "0-1"]

1.e4 {hi :-))}  d6 {good game}  2.d4 g6 3.Nf3 {you 
too, thanks, kings indian... nice opening}  Bg7 
{yes but I d'ont now very well this opening,I try 
new}  4.Be2 Nf6 5.Nc3 O-O 6.Bg5 Bg4 7.h3 Bxf3 
8.Bxf3 Nc6 9.Qd2 e5 10.d5 Nd4 11.Ne2 Nxe2 12.Qxe2 
Qe7 13.O-O-O c6 14.h4 cxd5 15.exd5 e4 16.Bg4 Qe5 
17.Qb5 Nxg4 18.Rd2 {i just let you win with this 
move}  h6 {it's not end game}  19.f3 {not yet the 
end, but it will be a won game for you. you play 
it too good ;-)}  e3 {thanks,but I must be 
careful}  20.fxg4 {i agree, be carful, but than i 
give up in a few moves.}  exd2+ {think so}  
21.Bxd2 Rac8 22.g5 Rc5 23.Qb3 Rxd5 24.Bc3 Qf4+ 
25.Kb1 Qxh4 26.Rxh4 {better a soon end, than a 
long game without any chance. congratulation.}  
Rd1+ {thanks}  0-1

[Event "HCL-M888"]
[Site "www.playchess.de"]
[Date "2006.03.10"]
[Round "9"]
[White "Vince"]
[Black "PamperedPawn"]
[WhiteElo "1752"]
[BlackElo "2389"]
[PlyCount "52"]
[Result "0-1"]

1.d4 {Hello from the Netherlands, I hope, you will 
show some mearcy}  Nf6 {Welcome from Arizona.  If 
you are in M class then you bring expertise so I 
must be cautious.  Looking to a good game.}  2.c4 
{Okay,lets go.}  e6 3.Nc3 Bb4 4.Nf3 c5 5.Bd2 cxd4 
6.Nb5 Bxd2+ 7.Qxd2 d5 8.cxd5 exd5 9.Rc1 Nc6 
10.Nbxd4 O-O 11.b4 Ne4 12.Nxc6 bxc6 13.Qd4 a5 
14.Nd2 {I hope I do well...}  axb4 15.Nxe4 dxe4 
16.Qxb4 Rxa2 17.Qc3 Ba6 18.g3 Qd5 19.Rd1 Qb5 
20.Rd2 Qb6 21.Rc2 Rd8 22.f4 e3 23.Rc1 Rdd2 24.Rg1 
{What can I do???}  Rdxe2+ {you have very good 
player potential.  I like the way you play.  This 
one is not going very well for you but with a 
little practice you will be kicking butt!}  
25.Bxe2 {Thank you}  Rxe2+ 26.Kf1 
Rc2+ 0-1

[Event "HCL-E1573"]
[Site "www.playchess.de"]
[Date "2006.03.10"]
[Round "5"]
[White "ippuli"]
[Black "yannick"]
[WhiteElo "1608"]
[BlackElo "1532"]
[PlyCount "93"]
[Result "1-0"]

1.e4 {Hello again!}  c5 {hi happy tournament}  
2.d4 cxd4 3.c3 dxc3 4.Bc4 cxb2 5.Bxb2 Nc6 6.Nf3 f5 
7.Ng5 e6 8.Bxg7 Bxg7 9.Qh5+ Ke7 10.Qf7+ Kd6 
11.Qxg7 {exiting situation...}  Qa5+ {for you,I'm 
loosing}  12.Nd2 {Well, it depends....}  Ne5 {wait 
and see}  13.Qxh8 {Njam njam..}  Nxc4 14.Qd4+ Ke7 
15.Qxc4 Nf6 16.exf5 Qe5+ 17.Qe2 {OOOPS!!}  Qxa1+ 
18.Qd1 Qxa2 19.O-O Qd5 20.Qc1 Qxf5 21.Nc4 d6 
22.Rd1 Ng4 23.Nxd6 Qxf2+ 24.Kh1 Qb6 25.Nge4 Ne3 
26.Re1 Qc6 27.Qxc6 bxc6 28.Nxc8+ Rxc8 29.Rxe3 Rd8 
30.h3 e5 31.Ng5 Kf6 32.Nf3 Rd5 33.g4 a5 34.Ra3 e4 
35.Ne1 h5 36.gxh5 Kg5 37.Ng2 Kxh5 38.Nf4+ Kg5 {I'm 
not awake today}  39.Nxd5 {And I'm happy for that 
(sorry for you)!! :)}  cxd5 {lets' go a few moves 
hoping a blunder from you}  40.Rxa5 {Ok! I must be 
extra careful now....}  Kf4 {no problem for 
you,you win but I want to see how}  41.Rxd5 {I'd 
like to show you!!}  e3 42.Rd8 e2 43.Re8 Kf3 
44.Rxe2 {Maiskis...}  Kxe2 45.h4 Kf3 46.h5 {Catch 
me!!}  Kg4 47.h6 {Hoping for touchdown!! :)} 
 1-0

[Event "HCL-A2541"]
[Site "www.playchess.de"]
[Date "2006.03.10"]
[Round "10"]
[White "freno"]
[Black "Maillard"]
[WhiteElo "1542"]
[BlackElo "1516"]
[PlyCount "98"]
[Result "0-1"]

1.e4 {Hello from Paris}  c5 {Bonne partie!}  2.Nc3 
Nc6 3.f4 d6 4.Bb5 Bd7 5.Nf3 e6 6.O-O Be7 7.Bxc6 
Bxc6 8.d3 h6 9.b3 b5 10.Bb2 b4 11.Ne2 f6 12.Ng3 d5 
13.Nh4 d4 14.Ng6 Rh7 15.Qh5 Kd7 16.f5 e5 17.a4 a5 
18.Qg4 Kd6 19.Rf2 Bd7 20.Nf1 Be8 21.Nd2 Bf7 22.h4 
{(offering draw)}  h5 23.Qf3 Kc6 24.Nf1 Bxg6 
25.fxg6 Rh6 26.Bc1 Rh8 27.Ng3 Qe8 28.Qf5 Qd7 
29.Nxh5 Qxf5 30.Rxf5 Bf8 31.g4 Ne7 32.Rf2 Nxg6 
33.Nxf6 Rxh4 34.Bg5 gxf6 35.Rxf6+ Bd6 36.Rxg6 
Rxg4+ 37.Kf2 Rf8+ 38.Rf6 Rxf6+ 39.Bxf6 Rf4+ 40.Ke2 
Rxf6 41.Rg1 Bf8 42.Rg8 Kd7 43.Kd2 Ke7 44.Kc1 Kf7 
45.Rg2 Bh6+ 46.Kb1 Rf1+ 47.Kb2 Rd1 48.Rf2+ Bf4 
49.Rg2 Bd2 0-1

[Event "HCL-E1595"]
[Site "www.playchess.de"]
[Date "2006.03.10"]
[Round "14"]
[White "yannick"]
[Black "Niedermayr"]
[WhiteElo "1591"]
[BlackElo "1909"]
[PlyCount "126"]
[Result "0-1"]

1.e4 c6 2.d4 d5 3.exd5 cxd5 4.c4 Nf6 5.c5 g6 6.Nc3 
Bg7 7.Bb5+ Nc6 8.Nge2 O-O 9.O-O Ne8 10.Qa4 Qd7 
11.Bf4 Nf6 12.Be5 Nh5 13.Bxg7 Kxg7 14.Bxc6 bxc6 
15.b4 a6 16.b5 cxb5 17.Qa5 Qd8 18.Qxd8 Rxd8 19.c6 
Rd6 20.c7 Ra7 21.g4 Bxg4 22.f3 Bc8 23.Rfc1 Rd7 
24.Rab1 e6 25.Ng3 Nxg3 26.hxg3 Raxc7 27.Kh1 Rc4 
28.Ne2 Rdc7 29.Rce1 b4 30.Rec1 Bd7 31.f4 Ba4 
32.Rxc4 Rxc4 33.Kg2 Bc2 34.Re1 Bd3 35.Nc1 Be4+ 
36.Kf2 Rxd4 37.Nb3 Rc4 38.Nd2 Rc2 39.Ke3 Bf5 
40.Ra1 Rb2 41.Ke2 Bc2 42.Ke3 Ba4 43.Nf3 Bb5 44.a4 
bxa3 45.Rxa3 Rg2 46.Kd4 Rxg3 47.Ke3 d4+ 48.Kf2 Rg4 
49.Nxd4 Rxf4+ 50.Ke3 Rh4 51.Ra5 Rh5 52.Kd2 Rd5 
53.Ke3 h5 54.Ra2 h4 55.Rh2 Rh5 56.Kf2 h3 57.Kg3 
Bf1 58.Kf3 Bg2+ 59.Kf2 a5 60.Ne2 a4 61.Nf4 Rf5 
62.Kg3 Rxf4 63.Kxf4 a3 0-1

[Event "HCL-C4164"]
[Site "www.playchess.de"]
[Date "2006.03.10"]
[Round "1"]
[White "Varaboca"]
[Black "Concrete_Pluto"]
[WhiteElo "971"]
[BlackElo "1115"]
[PlyCount "94"]
[Result "0-1"]

1.e4 c5 2.c4 e5 3.g3 d6 4.Nf3 Nf6 5.Nc3 h6 6.Be2 
Bh3 7.Bf1 Bxf1 8.Kxf1 Nc6 9.a3 Nd4 10.Nxd4 cxd4 
11.Nb1 Nxe4 12.d3 Nc5 13.Nd2 Nxd3 14.Ne4 Nxc1 
15.Rxc1 a6 16.a4 Qa5 17.Rb1 Rc8 18.b4 Qb6 19.a5 
Qc6 20.Qc2 Be7 21.Rg1 f5 22.Nd2 e4 23.Ke1 O-O 
24.Qb3 Kh8 25.Kf1 b5 26.Rc1 d5 27.c5 Bd8 28.Kg2 
Bc7 29.Rge1 f4 30.g4 f3+ 31.Kh1 Qe6 32.h3 Qe5 
33.Nf1 h5 34.Ng3 h4 35.Nf1 Rcd8 36.Qc2 Rfe8 37.Kg1 
Qf4 38.Qd2 e3 39.fxe3 dxe3 40.Nxe3 Qg3+ 41.Ng2 
Rxe1+ 42.Rxe1 Qh2+ 43.Kf2 Qxg2+ 44.Ke3 Qxh3 45.Kd3 
f2+ 46.Kc2 fxe1N+ 47.Qxe1 Qg2+ 0-1

[Event "HCL-E1536"]
[Site "www.playchess.de"]
[Date "2006.03.10"]
[Round "8"]
[White "pgschumy"]
[Black "wurmt"]
[WhiteElo "1794"]
[BlackElo "1506"]
[PlyCount "57"]
[Result "1-0"]

1.e4 {Hi, again! Happy New Year! GG}  e5 {Happy 
New Year!}  2.Nf3 Nc6 3.d4 exd4 4.Nxd4 Bc5 5.Nxc6 
Qf6 6.Qe2 bxc6 7.e5 Qg6 8.c3 Ne7 9.Bf4 O-O 10.Qd3 
a5 11.Qxg6 Nxg6 12.Bg3 Re8 13.f4 f6 14.Bd3 Nf8 
15.Kd1 fxe5 16.fxe5 Ne6 17.Nd2 d6 18.Re1 Rb8 
19.Kc2 Ng5 20.Nb3 Bb6 21.exd6 Rxe1 22.Rxe1 cxd6 
23.Bxd6 Ra8 24.Bc4+ Be6 25.Bxe6+ Nxe6 26.Rxe6 
{Yap!!! Is 1:1...}  Kf7 27.Re7+ Kf6 28.Nc5 Rd8 
29.Nd7+ 1-0

[Event "HCL-C4164"]
[Site "www.playchess.de"]
[Date "2006.03.10"]
[Round "35"]
[White "nichju"]
[Black "cla114"]
[WhiteElo "1075"]
[BlackElo "851"]
[PlyCount "68"]
[Result "0-1"]

1.e4 {Hello again!}  e5 {hi}  2.Nf3 {Hello again!} 
 Nc6 3.Bc4 Nf6 {hi}  4.d4 Bb4+ 5.Bd2 O-O 6.Bxb4 
Nxb4 7.Nxe5 Nxe4 8.O-O d5 9.Bd3 Nxd3 10.Qxd3 Bf5 
11.Qf3 Bg6 12.Nc3 Nd2 13.Qh3 Nxf1 14.Rxf1 Qf6 
15.Nd7 Qg5 16.Nxf8 Rxf8 {(offering draw)}  17.Nb5 
c6 18.Nxa7 Bxc2 19.Nc8 Be4 20.f3 Bf5 21.Ne7+ Qxe7 
22.Qxf5 Qe3+ 23.Kh1 Re8 24.h4 Qxd4 25.Qd7 Kf8 
26.Qxb7 Qxh4+ 27.Kg1 d4 28.Qxc6 d3 29.Qd6+ Kg8 
30.Qxd3 g6 31.Qd7 Re2 32.Qc8+ Kg7 33.Qc3+ Kg8 
34.Rd1 Qf2+ 0-1

[Event "HCL-M897"]
[Site "www.playchess.de"]
[Date "2006.03.10"]
[Round "16"]
[White "garethh"]
[Black "vvv_v"]
[WhiteElo "1890"]
[BlackElo "1872"]
[PlyCount "37"]
[Result "1-0"]

1.e4 {Hello and good luck}  e5 2.f4 exf4 3.Nf3 d5 
4.exd5 Qxd5 5.Nc3 Qd8 6.Bc4 Be6 7.Qe2 Nc6 8.d4 
Nxd4 9.Nxd4 Qxd4 10.Bxe6 fxe6 11.Nb5 Qb4+ 12.c3 
Qe7 13.Bxf4 O-O-O 14.Nxa7+ Kb8 15.Nb5 Rd7 16.Qe3 
Qc5 17.Qxc5 Bxc5 18.Rd1 Rf7 19.Rd8+ 1-0

[Event "HCL-M869"]
[Site "www.playchess.de"]
[Date "2006.03.10"]
[Round "30"]
[White "Vince"]
[Black "Goofy"]
[WhiteElo "1744"]
[BlackElo "2005"]
[PlyCount "75"]
[Result "1-0"]

1.d4 {Guten morgen aus Holland}  Nf6 {Hallo aus 
Muenchen! ;o))}  2.c4 c5 3.d5 b5 4.cxb5 a6 5.bxa6 
Bxa6 6.Nc3 g6 7.e4 d6 8.Bxa6 Nxa6 9.Nf3 Bg7 10.Bg5 
Nd7 11.O-O O-O 12.a3 h6 13.Bf4 Qb6 14.Qa4 Qb7 
15.h3 Nb6 16.Qb5 Nc7 17.Qb3 e5 18.dxe6 Nxe6 
19.Bxd6 Rfe8 20.Nd5 Ra6 21.Qb5 Rd8 22.e5 Nd4 
23.Ne7+ Kh7 24.Nxd4 cxd4 25.Rac1 Rd7 26.Nc6 Na4 
27.Qxb7 Rxb7 28.Rfd1 Nxb2 29.Rxd4 Na4 30.Rb4 Rbb6 
31.Nd8 f6 32.e6 Rbxd6 33.e7 Rde6 34.Rxa4 Rad6 
35.Nxe6 Rxe6 36.Ra7 f5 37.Kf1 g5 
38.Re1 1-0

[Event "HCL-B3759"]
[Site "www.playchess.de"]
[Date "2006.03.10"]
[Round "7"]
[White "bossjos"]
[Black "dc"]
[WhiteElo "1262"]
[BlackElo "885"]
[PlyCount "77"]
[Result "1-0"]

1.e4 e5 2.Nf3 Nc6 3.Bc4 Qf6 4.Nc3 Bc5 5.Nd5 Qd6 
6.d3 Nf6 7.O-O a6 8.Ng5 Nxd5 9.Bxd5 O-O 10.Qh5 Qg6 
11.Qxg6 hxg6 12.Kh1 Ne7 13.Bb3 d5 14.exd5 Nf5 
15.c4 f6 16.Ne4 Bd4 17.Rb1 Nh4 18.d6 c5 19.Be3 f5 
20.Nxc5 Bxc5 21.Bxc5 Bd7 22.Rbe1 Rae8 23.Ba3 Bc6 
24.c5+ Kh7 25.Rfg1 f4 26.Bd1 Rf5 27.Bg4 Bxg2+ 
28.Rxg2 Rg5 29.Rgg1 f3 30.b4 Ng2 31.Re4 Nf4 32.Bc1 
Rxg4 33.Rxg4 Nxd3 34.Rgh4+ Kg8 35.Be3 g5 36.Rhg4 
Nb2 37.Rxg5 Nd1 38.Rgxe5 Nxf2+ 
39.Bxf2 1-0

[Event "HCL-A2576"]
[Site "www.playchess.de"]
[Date "2006.03.10"]
[Round "10"]
[White "Kannsnich"]
[Black "Grand73Am"]
[WhiteElo "1319"]
[BlackElo "1436"]
[PlyCount "48"]
[Result "0-1"]

1.c4 Nf6 2.Nc3 e6 3.e4 Nc6 4.Nf3 e5 5.g3 Bc5 6.Bg2 
O-O 7.O-O a6 8.d3 h6 9.Nd5 Nxd5 10.cxd5 Nd4 
11.Nxe5 d6 12.Nf3 Bg4 13.h3 Nxf3+ 14.Bxf3 Bxh3 
15.Bg2 Qd7 16.d4 Ba7 17.Re1 c5 18.b3 cxd4 19.Bb2 
Bxg2 20.Kxg2 d3 21.Qxd3 f5 22.f3 fxe4 23.fxe4 Rf2+ 
24.Kh1 Qh3+ 0-1

[Event "HCL-T255"]
[Site "www.playchess.de"]
[Date "2006.03.10"]
[Round "15"]
[White "leobor"]
[Black "puddschini"]
[WhiteElo "2077"]
[BlackElo "2002"]
[PlyCount "97"]
[Result "1-0"]

1.e4 e5 2.Nf3 Nc6 3.Bb5 Nf6 {Hello, good luck and 
enjoy the game. 
Regards
Jörg}  4.d3 Bc5 5.c3 d6 6.d4 exd4 7.cxd4 Bb4+ 
8.Kf1 d5 9.e5 Nd7 10.Qa4 Be7 11.Bxc6 bxc6 12.Qxc6 
Rb8 13.Nc3 Bb7 14.Qa4 O-O 15.Bf4 Nb6 16.Qc2 Qd7 
17.Bg5 Ba6+ 18.Kg1 Bb4 19.b3 h6 20.Be3 Qc6 21.Rc1 
Rfe8 22.h3 Re6 23.a3 Be7 24.Kh2 Rb7 25.Rca1 Rg6 
26.Rhc1 Qd7 27.Ne2 Bxe2 28.Qxe2 c6 29.Nd2 Rb8 
30.f4 f5 31.exf6 Rxf6 32.Nf3 Qb7 33.Ne5 Nd7 34.Qg4 
Rd8 35.b4 Rd6 36.Ra2 Nf6 37.Qf3 Ne4 38.Rac2 Rc8 
39.Qh5 Bf8 40.Qe2 a6 41.Qh5 Re6 42.g3 Rd6 43.f5 
Nf6 44.Qf3 Ne4 45.Bf4 Rf6 46.Qh5 a5 47.Ng4 Rf7 
48.Qg6 Kh8 49.Be5 1-0

[Event "HCL-B3895"]
[Site "www.playchess.de"]
[Date "2006.03.10"]
[Round "13"]
[White "pera"]
[Black "payaso"]
[WhiteElo "1026"]
[BlackElo "1099"]
[PlyCount "81"]
[Result "1-0"]

1.e4 {Hi and good luck for the game.}  c5 {hi, you 
too}  2.Bc4 Nc6 3.Nf3 g6 4.O-O Bg7 5.c3 e6 6.d4 
Qb6 7.Be3 cxd4 8.cxd4 Qxb2 9.Nbd2 Qa3 10.e5 Nh6 
11.Nb1 Qb4 12.Qb3 Nf5 13.Qxb4 Nxb4 14.Na3 O-O 
15.Bd2 Nc6 16.d5 Nxe5 17.Nxe5 Bxe5 18.Rae1 Bf6 
19.Nb5 a6 20.Nc7 Rb8 21.dxe6 dxe6 22.Bf4 Bc3 
23.Red1 e5 24.Bg5 b5 25.Bd5 Bb7 26.Bxb7 Rxb7 
27.Nxa6 Ra7 28.Nc5 Rxa2 29.Nd7 Rfa8 30.Rd5 b4 
31.Nf6+ Kg7 32.Ne4 R2a1 33.Bf6+ Kh6 34.g4 Rxf1+ 
35.Kxf1 Ra1+ 36.Kg2 Nd4 37.g5+ Kh5 38.Bxe5 Ne2 
39.Nf6+ Kxg5 40.Bxc3+ Kh4 41.Bxa1 1-0

[Event "HCL-E1595"]
[Site "www.playchess.de"]
[Date "2006.03.10"]
[Round "18"]
[White "Widukind"]
[Black "Vinci"]
[WhiteElo "1847"]
[BlackElo "1619"]
[PlyCount "47"]
[Result "1-0"]

1.c3 {Hallo Vinci, viele Grüße aus Deutschland!}  
c5 {hallo Widukind (was bedeutet dieser nick?) und 
grüsse aus der Schweiz, aus Chur! spannendes Spiel 
wünsch ich uns!}  2.d4 { Ich wohne in Bünde am 
Wiehengebirge im "Wittekindsland". 
Widukind,
besser bekannt als Herzog Wittekind hat meine 
Heimat gegen 
"Karl den Große" verteidigt. (So etwas wie euer 
"Tell", aber real)

Siehe: http://de.wikipedia.org/wiki/Wittekind}  
cxd4 {ah interessant, geschichte ist faszinierend} 
 3.cxd4 {Im Schach fühle ich mich wie Widukind, 
letztendlich hat er den Krieg verlohren, aber er 
hat doch einige Schlachten gegen Karl den Großen 
gewonnen!}  d5 {das tönt sympathisch, ein ewiger 
kämpfer. für das gute? oder für das ego? das wäre 
ne entscheidende frage? meine philosophie im 
schach ist: wenn beide perfekt spielen, gibt es 
immer unentschieden - keinen sieger! wie im leben? 
gibt es dort sieger???}  4.Nc3 Nf6 5.f3 Nc6 6.e4 
dxe4 7.d5 Ne5 8.fxe4 Qb6 9.Nf3 Nfg4 10.Bb5+ Bd7 
11.Qe2 Nxf3+ 12.gxf3 Ne5 13.Be3 Qa5 14.f4 Ng6 
{tja, keine wahl}  15.Bxd7+ {...und nochmals keine 
Wahl!}  Kxd7 {wenn das so weiter geht (sing) ;-)}  
16.O-O-O {wenn das so weiter geht, müsste ich die 
Damen tauschen (auf b5). Aber Damen tauschen 
gehört sich nicht...}  Rc8 {nun, ist eh unangenehm 
mit dem könig auf d7. zuviele figuren noch im 
spiel. ich hätte damentausch bevorzugt :-)}  
17.Kb1 {(daum hab ich sie ja auch behalten!!!)}  
Ke8 {war mir schon bewusst, dass du weisst was 
besser ist für dich :-)}  18.e5 {auf zum Sturm auf 
die Bastie! (grins...)}  Qa6 {bastie? wohl eher 
ein pfandfinderlager, was meine königsstellung 
betrîfft ;-) ich geb mir noch fünf züge}  19.Nb5 
{na gut, dann klau ich eben das 
Fähnchen...-vieleicht zeltet da ja auch 
Basty...-aber die ist ja schon zu alt als 
Pfadfinderin}  Nh4 {menschenskind, ich habe keine 
züge! die drohungen sind ja fast schon ordinär!}  
20.Rdc1 {jetzt geht's rund! - sprach der Sperling 
und flog durch den Ventilator…}  Kd8 {ach du 
riesen kacke, scheissspiel ;-) machen wir 
unentschieden????????}  21.Rxc8+ {nö nö den Punkt 
sack ich ein}  Kxc8 {ich weiss, leider, muss dann 
mal schauen wo mein fehler war}  22.Qc4+ {Ein 
Tipp: schau dir mal 6….e6 an! Partien mit 6….dxe4 
habe ich bisher immer(!) gewonnen. Egal was die 
Literatur sagt, das muss schlecht sein. 

Jetzt ist es leider gleich aus. Ich hoffe du hast 
in deinen anderen Partien mehr Glück!}  Kd8 
{gratuliere. hab wieder was gelernt, so hoff ich 
wenigstens. ja. 6. ... e6 oder 7. ... e6 das wär 
vielleicht noch gegangen. vielleicht.}  23.Qc7+ 
{5.f3 ist im theoretischen Sinne bestimmt nicht 
korrekt, hat sich aber in der (meiner) Praxis gut 
bewährt. "Normales Slawisch" ist mir einfach zu 
lahm. Den größten Ärger bereitet wirklich 
6….e6!
Hübsch! - jetzt wird der König auf seinem 
Startfeld e8 matt.}  Ke8 {hm, das muss ich mir mal 
reinziehen. ja, das bild ist für dich und für 
jeden schachgeniesser, also immerhin auch mich, 
schön anzusehen. gratuliere! wr trotzdem ein 
interessantes spiel ;-) ruck zuck und fertig...}  
24.Qc8+ {Du bist nicht allein - schau dir mal mein 
hübsches Matt gegen yannick an. War nett mit dir 
zu mailen (-und zu gewinnen natürlich - smile-). 
Für alle anderen Partien wünsche ich dir viel 
Erfolg! Tschüß…}  1-0

[Event "HCL-T263"]
[Site "www.playchess.de"]
[Date "2006.03.10"]
[Round "8"]
[White "stevetilbury"]
[Black "daveboy6968"]
[WhiteElo "1630"]
[BlackElo "940"]
[PlyCount "61"]
[Result "1-0"]

1.d4 f5 2.c4 Nf6 3.Nc3 {hello from london}  e6 {hi 
from yateley in hampshire ;-)}  4.g3 {Hi, I'm in 
Lndon}  Bb4 {your name seems strangely familiar ?} 
 5.Bg2 Bxc3+ 6.bxc3 {I use stevetilbury where i 
can't use my real name -Yahoo games for instance. 
I use steveberkley or derivations of it where I 
can}  d5 {oh i see :-) i thought i had heard or 
known of a steve tilbury :-)}  7.cxd5 Nxd5 8.Qc2 
O-O 9.e3 Na6 10.Ne2 g6 11.O-O c6 12.Bd2 Nf6 13.c4 
h5 14.Bc3 Qe7 15.Nf4 Nb4 16.Qd2 Na6 17.d5 cxd5 
18.cxd5 exd5 19.Nxd5 Nxd5 20.Bxd5+ Kh7 21.Rae1 Nc5 
22.Bb4 Rb8 23.Rec1 b6 24.Qd4 Ba6 25.Rfd1 Be2 
26.Rd2 Bg4 27.Rdc2 Ne4 28.Bxe7 Rfg8 29.R2c7 a5 
30.Bg5+ Rg7 31.Qxg7+ 1-0

[Event "HCL-E1580"]
[Site "www.playchess.de"]
[Date "2006.03.10"]
[Round "8"]
[White "XANDERKIRV"]
[Black "Saopaulo"]
[WhiteElo "1486"]
[BlackElo "2100"]
[PlyCount "42"]
[Result "0-1"]

1.e4 c5 2.Nf3 d6 3.d4 cxd4 4.Nxd4 Nf6 5.Nc3 a6 
6.f3 e5 7.Nb3 Be7 8.Be3 Be6 9.Qd2 Nc6 10.O-O-O Rc8 
11.Kb1 O-O 12.g4 h6 13.h4 Nh7 14.Bxh6 gxh6 15.Qxh6 
Re8 16.h5 Bg5 17.Qxg5+ Nxg5 18.Be2 Bxb3 19.axb3 
Nd4 20.h6 Rxc3 21.bxc3 Nxe2 0-1

[Event "HCL-C4072"]
[Site "www.playchess.de"]
[Date "2006.03.10"]
[Round "8"]
[White "Grunert"]
[Black "JerryReneau"]
[WhiteElo "959"]
[BlackElo "1079"]
[PlyCount "112"]
[Result "0-1"]

1.d4 d5 2.e3 Nf6 3.Nc3 a6 4.g3 e6 5.Bg2 Bb4 6.Bd2 
O-O 7.a3 Bxc3 8.Bxc3 Nbd7 9.Nf3 Ne4 10.Nd2 Nxc3 
11.bxc3 b6 12.O-O c5 13.c4 cxd4 14.cxd5 e5 15.Rb1 
b5 16.Nb3 Bb7 17.Na5 Qxa5 18.exd4 exd4 19.Qxd4 
Qxa3 20.Qg4 Qd6 21.Rbd1 Nf6 22.Qf3 Bxd5 23.Rxd5 
Nxd5 24.Qxd5 Qxd5 25.Bxd5 Ra7 26.Rc1 a5 27.Rb1 b4 
28.Bb3 Rb8 29.Rd1 a4 30.Bc4 g6 31.Rb1 a3 32.Bb3 
Kg7 33.Rd1 a2 34.Ra1 Kf6 35.Kg2 Ke5 36.Rxa2 Rxa2 
37.Bxa2 Kd4 38.Bxf7 Kc3 39.Bb3 Rc8 40.Kf3 
{(offering draw)}  Kd2 41.Kg4 Rc3 42.Kg5 Rxb3 
43.cxb3 Kc3 44.f4 Kxb3 45.Kh6 Kc3 46.Kxh7 b3 
47.Kxg6 b2 48.h4 b1Q+ 49.Kg5 Qd3 50.g4 Qd5+ 51.f5 
Kd4 52.h5 Ke5 53.h6 Qg8+ 54.Kh5 Kf6 55.Kh4 Qg5+ 
56.Kg3 Qxh6 0-1